000 00207nam a22000857a 4500
999 _c23735
_d23735
005 20250212122909.0
008 250212b ||||| |||| 00| 0 eng d
040 _csk
245 _aAko získať peniaze na dobrú vec